00806nam a2200241 i 4500001000300000100001700003245006100020250001400081260005700095300002900152490001800181500007100199650002200270650003100292655003000323830001800353020001500371040000800386041000800394080002300402008004100425856009800466bg1 aPOHL, Alison10aTest your business English - secretarial /cAlison Pohl. aSpec. ed. aHarlow :bPearson Education :bPenguin Books,c2000. a103 s. :brys. ;c24 cm.1 aTest Your ... aNa okł.: "includes English, Polish, Russian and German wordlist". 9aJęzyk angielski 9aBiurowośćxsłownictwo aPodręczniki akademickie aTest Your ... a0582461162 cBPK0 aeng a811.111(075.8):651 s pl f |000 0 pol  uhttp://koha.tu.koszalin.pl/cgi-bin/koha/opac-detail.pl?biblionumber=51365yKatalog online BPK